000 00533nam a2200181Ia 4500
005 20250326123655.0
008 250326s9999 xx 000 0 und d
037 _aTextbook
040 _aFMSL
_beng
_cFMSL
041 _aeng
_2eng
084 _aX8(J):51.44 M7
_qFMSL
100 _aAcharya S S
_9262362
245 0 _aAgricultural marketing in India
_cAcharya S S; Agarwal N L
260 _aNew Delhi
_bNew Delhi, Oxford anf IBH
_c1987
300 _a381p
942 _cTB
_hX8(J):51.44 M7
999 _c1270443
_d1270443